Geodézie

Bibliographic Details
Main Author: Višňovský, Pavel, 1913-1994 (Author)
Format: Book
Language:Undetermined
PhysicalDescription:569 s.
Published: V Praze Státní zemědělské nakladatelství 1967

MARC

LEADER 00000nam a2200000 a 4500
001 vtls001394052
003 SK-MaSNL
005 20260302001019.0
008 240315s1967 xx 0 und
035 |a SNK000348371 
040 |a SNK  |b slo  |c SNK  |e AACR2 
100 1 |a Višňovský, Pavel,  |d 1913-1994  |4 aut  |9 201628 
245 1 |a Geodézie 
260 |a V Praze  |b Státní zemědělské nakladatelství  |c 1967 
300 |a 569 s. 
958 |a OND 
999 |c 982102  |d 984032 
952 |t P60, <04>, [BOOK], {604}  |a SNK  |b SNK  |y VYP  |7 0  |p 17A0248887  |o snkIC 41936+príl. 1-3  |0 0  |1 0  |4 0  |d 2000-08-07  |l 0  |r 2005-01-02 00:00:00  |w 2026-02-24 
952 |t P60, <04>, [BOOK], {604}  |a SNK  |b SNK  |y VYP  |7 0  |p 17A0360045  |o snkIC 41936+pril. D1  |0 0  |1 1  |4 0  |d 2002-10-26  |l 0  |r 2005-01-02 00:00:00  |w 2026-02-24 
952 |t P60, <04>, [BOOK], {604}  |a SNK  |b SNK  |y VYP  |7 0  |p 17A0248892  |o snkIC 41936  |0 0  |1 0  |4 0  |d 2000-08-07  |l 0  |r 2005-01-02 00:00:00  |w 2026-02-24